|
|
|
|
| LEADER |
00000cam a2200000 7i4500 |
| 001 |
0000003767 |
| 005 |
20110615.0 |
| 020 |
0 |
0 |
|a 9789675842023
|
| 090 |
0 |
0 |
|a 338.9595
|b MAL 2010
|
| 110 |
1 |
0 |
|a MALAYSIA. Unit Perancang Ekonomi Jabatan Perdana Menteri
|
| 245 |
1 |
0 |
|a Malaysia: Matlamat pembangunan milenium pada tahun 2010 :
|b Gambaran keseluruhan
|
| 260 |
0 |
0 |
|a Kuala Lumpur :
|b Pasukan Negara Pertubuhan Bangsa-Bangsa Bersatu ,
|c 2011
|
| 300 |
|
|
|a xiii. 15 p. :
|b ill. ;
|c 21 cm.
|
| 500 |
0 |
0 |
|a Texts in Bahasa Malaysia and English
|
| 650 |
0 |
0 |
|a Economic
|z Malaysia
|
| 650 |
0 |
0 |
|a Government Policy
|z Malaysia
|
| 998 |
|
|
|a JPSM
|
| 999 |
|
|
|a 007619
|b Monograph
|c Open Shelf
|e Default branch
|